Empresa y universidad

Shranjeno v:
Bibliografske podrobnosti
Glavni avtor: Thayer Arteaga, William (Author)
Format: Knjiga
Jezik:španščina
Izdano: Santiago Andrés Bello 1974
Teme:
Oznake: Označite
Brez oznak, prvi označite!

MARC

LEADER 00000nam a2200000 a 4500
001 UCT8566
003 CL-VaPUC
008 970326e19740800CL |||||||||||||||||spa|d
082 0 4 |a 378.103  |b THA  |2 21 
100 0 |a Thayer Arteaga, William  |e author  |9 380351 
245 1 0 |a Empresa y universidad 
300 |a 105 p 
942 |c BK 
945 |d 19970326 00:00:00  |a paguirre 
260 |a Santiago  |b Andrés Bello  |c 1974 
650 0 |a Universidades  |9 256317 
650 0 |a Empresas   |9 255569 
650 7 |a PERSONAL DE ENSEÑANZA UNIVERSITARIA  |2 CL-VaPUC  |9 339415 
650 0 |a Comunidades  |9 337024 
650 7 |a EDUCACION COMUNITARIA  |2 CL-VaPUC  |9 310021 
650 0 |a Relación escuela- comunidad   |9 338811 
650 0 |a Docentes  |9 311365 
583 |a last modification  |c 19970326 00:00:00  |k Rodrigo Vera 
999 |c 257056  |d 257054 
952 |0 0  |1 0  |4 0  |6 378_103000000000000_THA_1974  |7 0  |8 P  |9 280289  |a BIBDER  |b BIBDER  |d 2019-11-19  |i 1813137  |o 378.103 THA 1974  |p 1813137  |r 2023-01-25  |w 2019-11-19  |y BK  |k DER